Taipei Metro System - Statistics

General Stats
  • This quiz has been taken 295 times
  • The average score is 68 of 178
Answers on the Map
Answers color-coded by a green-red scale on the quiz's map according to % correct below.
 
Answer Stats
Answer % Correct
Taipei Main Station
94%
Tamsui
82%
Ximen
78%
Songshan
77%
Taipei 101 / World Trade Center
77%
Daan
75%
Beitou
74%
Taipei Zoo
74%
Dongmen
72%
Zhongshan
72%
Nangang
71%
Shilin
68%
Xiangshan
68%
Zhongxiao Fuxing
68%
Beimen
67%
Xindian
67%
Chiang Kai-Shek Memorial Hall
63%
NTU Hospital
62%
Songshan Airport
62%
Taipei Nangang Exhibition Center
62%
Zhongxiao Xinsheng
62%
Daan Park
61%
Banqiao
60%
Longshan Temple
60%
Guting
59%
Nanjing Fuxing
59%
Taipei City Hall
59%
Xinbeitou
59%
Xinyi Anhe
58%
Neihu
56%
Taipei Arena
56%
Xiaonanmen
56%
Dingpu
55%
Maokong
54%
Maokong Gondola
54%
Zhongxiao Dunhua
54%
Jiantan
53%
Muzha
53%
Sanchong
53%
Tamsui-Xinyi Line
53%
Yuanshan
53%
Bannan Line
52%
Zhonghe
52%
Shuanglian
51%
Sun Yat-Sen Memorial Hall
51%
Gongguan
50%
Hongshulin
50%
Luzhou
50%
Taipower Building
50%
Minquan West Road
47%
Songshan-Xindian Line
47%
Shandao Temple
45%
Songjiang Nanjing
45%
Airport Terminal 1
44%
Airport Terminal 2
44%
Huilong
44%
Jingmei
44%
Nanjing Sanmin
44%
Wanfang Hospital
44%
Wenhu Line
44%
Dazhi
43%
Technology Building
43%
Xinzhuang
43%
Nanshijiao
42%
Wanfang Community
42%
Yongan Market
41%
Zhishan
41%
Circular Line
39%
Dingxi
39%
Far Eastern Hospital
39%
New Taipei Industrial Park
39%
Qizhang
39%
Tucheng
39%
Wanlong
39%
Xiaobitan
39%
Yongchun
39%
Dapinglin
38%
Liuzhangli
38%
Xindian District Office
38%
Xingtian Temple
38%
Xinpu
38%
Fuzhong
37%
Taipei Bridge
37%
Jingan
36%
Taipei Zoo South
35%
Xinhai
35%
Zhonghe-Xinlu Line
35%
Daqiaotou
34%
Houshanpi
34%
Jiangzicui
34%
Mingde
34%
Donghu
33%
Guandu
33%
Kunyang
33%
Qilian
33%
Yongning
33%
Fu Jen University
32%
Shipai
32%
Zhinan Temple
32%
Zhongshan Elementary School
32%
Danfeng
31%
Nangang Software Park
30%
Zhongshan Junior High School
30%
Zhuwei
30%
Qiyan
29%
Taishan
29%
Xihu
29%
Dahu Park
28%
Fuxinggang
28%
Haishan
28%
Jiannan Road
28%
Linguang
28%
Linkou
28%
Zhongyi
27%
Danhai LRT
26%
Huzhou
26%
Shisizhang
26%
Xiulang Bridge
26%
Banxin
25%
Gangqian
25%
Taoyuan Airport MRT
25%
Touqianzhuang
25%
Xingfu
25%
Cailiao
24%
Taoyuan HSR Station
23%
Wende
23%
Xianse Temple
23%
Chang Gung Memorial Hospital
22%
Jingping
22%
St. Ignatius High School
22%
Xinpu Minsheng
22%
Qiaohe
21%
Taishan Guihe
21%
Tamsui Fisherman's Wharf
21%
Airport Hotel
20%
National Taiwan Sport University
20%
Laojie River
19%
Sanmin Senior High School
19%
Shanbi
19%
Xinzhuang Fuduxin
19%
Zhongyuan
19%
Ankeng LRT
18%
Kengkou
18%
Sanchong Elementary School
18%
Sanhe Junior High School
18%
Kanding
15%
Shalun
15%
Taoyuan Sports Park
15%
Huanbei
14%
Ankang
13%
Rose China Town
13%
Shuangcheng
13%
Binhai Shalun
12%
Danjin Denggong
12%
Dayuan
12%
Ganzhenlin
12%
Linghang
12%
Tamkang University
12%
Tamsui District Office
12%
Xinshi 1st Road
12%
Binhai Yishan
11%
Danjin Beixin
11%
Danhai New Town
10%
Taipei Xiaocheng
10%
Sunshine Sports Park
9%
Taipei University of Marine Technology
9%
Xingnan
9%
Xinhe Elementary School
9%
Hengshan
8%
Jinwen University of Science and Technology
6%
Cardinal Tien Hospital Ankang Branch
3%
No matching quizzes found
Score Distribution
Percent of People with Each Score
Percentile by Number Answered
Your Score History
You have not taken this quiz